| 000 | 00796nam a22001577a 4500 | ||
|---|---|---|---|
| 003 | LRUA | ||
| 005 | 20210216105055.0 | ||
| 008 | 210216b xxu||||| |||| 00| 0 eng d | ||
| 040 | _cRUA | ||
| 082 | _aAGE YOE 2018 B670 Or. | ||
| 100 |
_914637 _aYOEURNG SUYTYOEURNG, យឿង ស៊ុយទ្រឿន |
||
| 245 | _aប្រៀបធៀបឥទ្ធិពលនៃឧបករណ៍ដាំត្រាប់បំពាក់ជាមួយត្រាក់ទ័រ និងការព្រោះដោយដៃលើពូជស្រូវសែនពិដោរ ,comparison on the effect of direct seeder equipped with tractor and convertional seeding on paddy rice sen pidor vaeiety | ||
| 260 |
_aphnom penh _brua _c2018 |
||
| 300 |
_axi,44p, _bill, _c29cm, |
||
| 942 |
_2ddc _cAGE |
||
| 999 |
_c19696 _d19696 |
||